Score 0/25 Timer 05:00
0 Plays Today
% Correct
Zorro
91.5%
Dexter
87.2%
Futurama
87.2%
M*A*S*H
83.4%
X-Men
79.2%
Smallville
75.4%
Bonanza
68.7%
Alias
64.7%
Taxi
62.9%
Veep
59.1%
Weeds
57.4%
Chuck
57.3%
Kojak
57.2%
% Correct
Girls
56.5%
Psych
55.5%
iCarly
51.4%
Homeland
50%
Yu-gi-oh!
45.2%
Numb3rs
40.2%
Oz
38.7%
Justified
34.9%
Revenge
28%
Leverage
23.4%
Everwood
21.3%
Undeclared
17.6%
Remove Ads.
Support Sporcle.
Get the best of Sporcle when you Go Orange. This ad-free experience offers more features, more stats, and more fun while also helping to support Sporcle. Thank you for becoming a member.

You're not logged in!

Compare scores with friends on all Sporcle quizzes.
OR
Log In

Show Comments

Extras

Top Quizzes Today


Score Distribution

Your Account Isn't Verified!

In order to create a playlist on Sporcle, you need to verify the email address you used during registration. Go to your Sporcle Settings to finish the process.

Report this User

Report this user for behavior that violates our Community Guidelines.

Details: